000 00689nam a22002177a 4500
003 UA-OsUOA
001 125418
007 ta
008 20170915b un ||||| |||| 00| 0 ukr d
090 _a821.161.1
_bМ68
942 _cBK
040 _aUA-OsUOA
_brus
_cUA-OsUOA
_dUA-OsUOA
245 _aМифологические рассказы русского населения Восточной Сибири
_cотв. ред. Р. П. Матвеева
300 _a400 с.
955 _a3
041 _arus
080 _a821.161.1
260 _aНовосибирск
_bНаука
_c1987
650 7 _a82 Література. Літературознавство
_2UDC
999 _c412680
_d412680